Contos de Natal (Registo nº 27316)
[ vista simples ]
| 000 -Etiqueta do registo | |
|---|---|
| Valores | 00957nam a2200289 4500 |
| 021 ## - Número do Depósito Legal | |
| -- | PT |
| 090 ## - | |
| -- | 27316 |
| 100 ## - Dados gerais de processamento | |
| Dados gerais | 20060328d1956 dday0pory5001 ba |
| 106 ## - | |
| -- | r |
| 105 ## - | |
| -- | ag z 001ay |
| 102 ## - País de publicação | |
| -- | PT |
| 101 0# - Língua de publicação | |
| -- | por |
| 200 1# - Titulo e menção de responsabilidade | |
| Título próprio | Contos de Natal |
| Primeira menção de responsabilidade | Maria Alice Andrade Santos |
| -- | Maria Ester de Lemos |
| -- | Maria Teresa Andrade Santos |
| Outras menções de responsabilidade | Il. Maria Alice Andrade Santos |
| -- | Il. Guida Ottolini |
| -- | il. Maria Teresa Andrade Santos |
| -- | Música de Madressilva |
| 215 ## - Descrição física | |
| Paginação / Volumes | 31, [1] p. |
| 210 ## - Publicação | |
| Local de publicação | [S.l.] |
| Nome do editor | Mocidade Portuguesa Feminina |
| Data de publicação | 1956 |
| 675 ## - CDU | |
| Notação | 087.5 |
| Edição | BN |
| Língua | por |
| 702 #1 - Autor secundário (pessoa individual) | |
| Apelido | Santos |
| Nome | Maria Alice Andrade |
| -- | 440 |
| 702 #1 - Autor secundário (pessoa individual) | |
| Apelido | Ottolini |
| Nome | Guida |
| -- | 440 |
| 702 #1 - Autor secundário (pessoa individual) | |
| Apelido | Santos |
| Nome | Maria Teresa Andrade |
| -- | 440 |
| 702 #1 - Autor secundário (pessoa individual) | |
| Apelido | Madressilva |
| -- | 545 |
| 701 #1 - Co-autor principal (pessoa individual) | |
| Apelido | Lemos |
| Nome | Maria Ester de |
| -- | 070 |
| 701 #1 - Co-autor principal (pessoa individual) | |
| Apelido | Santos |
| Nome | Maria Teresa Andrade |
| -- | 070 |
| 700 #1 - Autor principal (pessoa individual) | |
| Apelido | Santos |
| Nome | Maria Alice Andrade |
| 930 ## - | |
| -- | BE/CRE |
| 990 ## - Elementos KOHA | |
| Tipo de documento | Livro |
| 995 ## - Localização e informação dos exemplares | |
| -- | 18 |
| Situação do levantamento | Estado | Biblioteca de origem | Biblioteca de empréstimo | Código de barras | Cota | Permissão de empréstimo | Tipo de documento |
|---|---|---|---|---|---|---|---|
| Completo | Biblioteca da Escola Básica e Secundária Dr Isidoro de Sousa | Biblioteca da Escola Básica e Secundária Dr Isidoro de Sousa | 4085EV | 087.5 SAN | Disponível | Livro |